| 000 | 00823cam a22002651a 4500 | ||
|---|---|---|---|
| 001 | agr67000067 | ||
| 003 | DLC | ||
| 005 | 20260227111026.0 | ||
| 008 | 780518s1966 dcu bs f000 0 eng | ||
| 010 | _aagr67000067 | ||
| 035 | _a(OCoLC)3906404 | ||
| 040 |
_aDLC _cN _dDNAL _dOCoLC _dDLC |
||
| 042 | _apremarc | ||
| 043 | _an-us--- | ||
| 050 | 0 | 0 |
_aHD9119.M65 _bL3 |
| 070 | 0 |
_aA281.9 _bAg83E no.327 |
|
| 072 | 0 | _aE700 | |
| 100 | 1 |
_aLarkin, L. C. _q(Lawrence Clark), _d1916- |
|
| 245 | 1 | 0 |
_aMarketing industrial molasses in the United States / _cby L.C. Larkin. |
| 260 |
_aWashington, D.C. : _bEconomic Research Service, U.S. Dept. of Agriculture, _c1966. |
||
| 300 |
_aiv, 15 p. ; _c26 cm. |
||
| 440 | 0 |
_aERS ; _v327 |
|
| 504 | _aIncludes bibliographical references. | ||
| 650 | 0 |
_aMolasses _zUnited States _xMarketing. |
|
| 999 |
_c12163 _d12163 |
||